[Event "DSOL 02 Liga Gr-B 1st"]
[Site "Playchess.com INT"]
[Date "2020.08.13"]
[Round "2.2"]
[White "Rudolph, Lukas"]
[Black "Strozewski, Frank"]
[Result "1/2-1/2"]
[WhiteElo "1930"]
[BlackElo "1985"]
[PlyCount "78"]
[EventDate "2020.06.22"]
[EventType "team-tourn (rapid)"]
[EventCountry "GER"]
[SourceTitle "EXT 2021"]
[Source "ChessBase"]
[SourceDate "2020.10.23"]
[SourceVersion "1"]
[SourceVersionDate "2020.10.23"]
[SourceQuality "1"]
[WhiteTeam "Niederbrechen"]
[BlackTeam "Erkenschwick"]
[WhiteTeamCountry "GER"]
[BlackTeamCountry "GER"]

1. e4 d6 2. d4 g6 3. Nc3 Bg7 4. f4 Nc6 5. Be3 a6 6. a4 e5 7. fxe5 dxe5 8. d5 Nce7 9. Nf3 Bg4 10. h3 Bxf3 11. Qxf3 Nf6 12. Bc4 Qd6 13. 0-0 0-0 14. Kh1 Nd7 15. Qe2 h6 16. Qd2 Kh7 17. Nd1 f5 18. exf5 Nxf5 19. Bf2 Nb6 20. Qd3 Rad8 21. Nc3 Qb4 22. Bb3 Nd4 23. Na2 Qe7 24. Bxd4 exd4 25. c4 Qg5 26. Bc2 Rxf1+ 27. Rxf1 Re8 28. a5 Nd7 29. Nc1 Re3 30. Qd1 Qh4 31. Nd3 Ne5 32. Nf4 d3 33. Bxd3 Nxd3 34. Nxd3 Rxh3+ 35. gxh3 Qxh3+ 36. Kg1 Qg3+ 37. Kh1 Qh3+ 38. Kg1 Qg3+ 39. Kh1 Qh3+ 1/2-1/2

[Event "DSOL 02 Liga Gr-B 1st"]
[Site "Playchess.com INT"]
[Date "2020.07.13"]
[Round "4.2"]
[White "Klaus, Christian"]
[Black "Strozewski, Frank"]
[Result "1-0"]
[WhiteElo "2079"]
[BlackElo "1985"]
[PlyCount "109"]
[EventDate "2020.06.22"]
[EventType "team-tourn (rapid)"]
[EventCountry "GER"]
[SourceTitle "EXT 2021"]
[Source "ChessBase"]
[SourceDate "2020.10.23"]
[SourceVersion "1"]
[SourceVersionDate "2020.10.23"]
[SourceQuality "1"]
[WhiteTeam "Breitenworbis"]
[BlackTeam "Erkenschwick"]
[WhiteTeamCountry "GER"]
[BlackTeamCountry "GER"]

1. e4 d6 2. Nc3 g6 3. g3 Bg7 4. Bg2 c5 5. d3 e5 6. Nge2 Ne7 7. 0-0 0-0 8. f4 Nbc6 9. h3 Rb8 10. g4 f5 11. gxf5 gxf5 12. fxe5 Nxe5 13. Nf4 b5 14. Qh5 Qe8 15. Qxe8 Rxe8 16. a4 a6 17. axb5 axb5 18. Ra7 N5c6 19. Rc7 Nd4 20. Nh5 Rb7 21. Rxc8 Nxc8 22. exf5 Ra7 23. f6 Bh8 24. Bd5+ Ne6 25. Nxb5 Rf7 26. Kh1 Nf8 27. Bf4 Ng6 28. Bxd6 Rd8 29. Bxf7+ Kxf7 30. Bh2 Rd5 31. Ng3 Nf8 32. Ne4 Ne6 33. Nbc3 Rh5 34. Kg2 Nd4 35. Rf2 Nf5 36. Nd5 Nh4+ 37. Kg3 Ng6 38. c4 Ne5 39. Nxc5 h6 40. b3 Rg5+ 41. Kf4 Ng6+ 42. Ke3 Rh5 43. Rf3 Nh4 44. Rf2 Nf5+ 45. Kd2 Nd4 46. Kc3 Ne6 47. Nxe6 Rxh3 48. Nd8+ Ke8 49. Nc6 Rh5 50. Be5 Kf8 51. Bd4 Rh1 52. f7 Bxd4+ 53. Nxd4 Re1 54. Kd2 Re5 55. Nc7 1-0

[Event "Oberliga NRW 1819"]
[Site "Germany"]
[Date "2019.03.17"]
[Round "7.6"]
[White "Yilmaz, Ahmet1"]
[Black "Strozewski, Frank"]
[Result "0-1"]
[WhiteElo "1899"]
[BlackElo "2027"]
[PlyCount "98"]
[EventDate "2018.09.16"]
[EventType "team-tourn"]
[EventRounds "9"]
[EventCountry "GER"]
[SourceTitle "EXT 2020"]
[Source "ChessBase"]
[SourceDate "2019.10.17"]
[SourceVersion "1"]
[SourceVersionDate "2019.10.17"]
[SourceQuality "1"]
[WhiteTeam "Gerresheim"]
[BlackTeam "Erkenschwick"]
[WhiteTeamCountry "GER"]
[BlackTeamCountry "GER"]

1. e4 d6 2. d4 g6 3. h4 Bg7 4. h5 Nc6 5. c3 e5 6. Bc4 exd4 7. Nf3 Ne5 8. cxd4 Nxf3+ 9. Qxf3 Qf6 10. Qb3 g5 11. Nc3 c6 12. Be3 Nh6 13. f3 0-0 14. 0-0-0 Re8 15. Qc2 Nf5 16. Bf2 Ne7 17. h6 Bxh6 18. g4 Bg7 19. Be3 h6 20. f4 gxf4 21. Rdf1 Ng6 22. Qh2 d5 23. Bxf4 dxc4 24. Bxh6 Qxd4 25. Bg5 Nf8 26. Rxf7 Kxf7 27. Qh5+ Kg8 28. Qxe8 Qd7 29. Qh5 Qxg4 30. Qxg4 Bxg4 31. Rg1 Bh5 32. Bh6 Ne6 33. e5 Kf7 34. Rf1+ Ke7 35. Be3 Rd8 36. Rh1 Rd3 37. Bd2 Bf3 38. Rh7 Kf7 39. Rh4 b5 40. b3 Bxe5 41. Ne4 cxb3 42. axb3 Rxb3 43. Rh3 Ra3 44. Nc3 Bg2 45. Rh7+ Kg8 46. Rh6 Bxc3 47. Rg6+ Kf7 48. Rxg2 Bxd2+ 49. Rxd2 c5 0-1

[Event "Oberliga NRW 1819"]
[Site "Germany"]
[Date "2018.10.14"]
[Round "2.8"]
[White "Strozewski, Frank"]
[Black "Kaehmann, Joerg"]
[Result "1/2-1/2"]
[WhiteElo "2027"]
[BlackElo "2184"]
[PlyCount "125"]
[EventDate "2018.09.16"]
[EventType "team-tourn"]
[EventRounds "9"]
[EventCountry "GER"]
[SourceTitle "EXT 2020"]
[Source "ChessBase"]
[SourceDate "2019.10.17"]
[SourceVersion "1"]
[SourceVersionDate "2019.10.17"]
[SourceQuality "1"]
[WhiteTeam "Erkenschwick"]
[BlackTeam "Wattenscheid"]
[WhiteTeamCountry "GER"]
[BlackTeamCountry "GER"]

1. c4 c5 2. Nc3 Nc6 3. g3 g6 4. Bg2 Bg7 5. d3 e6 6. e4 Nge7 7. Nge2 d6 8. 0-0 0-0 9. h3 b6 10. Kh2 Bb7 11. Be3 Rc8 12. Qd2 Qd7 13. Rad1 d5 14. exd5 exd5 15. Nxd5 Nxd5 16. Bxd5 Ne5 17. Bxb7 Qxb7 18. Ng1 Rcd8 19. Qe2 Rfe8 20. d4 cxd4 21. Bxd4 Nc6 22. Be3 Nd4 23. Qe1 h5 24. Qb4 Nf3+ 25. Nxf3 Qxf3 26. Rxd8 Rxd8 27. c5 bxc5 28. Bxc5 Be5 29. Qe1 Re8 30. Kg1 Re6 31. Qd1 Qf5 32. b4 Qxh3 33. Qd8+ Kh7 34. Qg5 Bf6 35. Qf4 g5 36. Qf3 Kg6 37. Bxa7 Be5 38. Rd1 h4 39. b5 hxg3 40. fxg3 Bxg3 41. Qg2 Qg4 42. Rf1 Re2 43. Bf2 Bxf2+ 44. Rxf2 Re1+ 45. Rf1 Rxf1+ 46. Kxf1 Qf5+ 47. Kg1 Qc5+ 48. Qf2 Qxb5 49. Qc2+ Qf5 50. Qc6+ Kh5 51. a4 Qg4+ 52. Kf2 Qd4+ 53. Kg2 g4 54. Qe8 Qd5+ 55. Kg1 Qd1+ 56. Kh2 Qd2+ 57. Kg1 Qd4+ 58. Kh2 Qf2+ 59. Kh1 Kh4 60. Qh8+ Kg3 61. Qe5+ Kh3 62. Qh5+ Kg3 63. Qe5+ 1/2-1/2

[Event "NRW Class1 1718"]
[Site "Germany"]
[Date "2018.02.18"]
[Round "6.8"]
[White "Bahr, Maximilian"]
[Black "Strozewski, Frank"]
[Result "0-1"]
[WhiteElo "1676"]
[BlackElo "1960"]
[PlyCount "56"]
[EventDate "2017.09.17"]
[EventType "team-tourn"]
[EventRounds "9"]
[EventCountry "GER"]
[SourceTitle "EXT 2019"]
[Source "ChessBase"]
[SourceDate "2018.10.10"]
[SourceVersion "1"]
[SourceVersionDate "2018.10.10"]
[SourceQuality "1"]
[WhiteTeam "Emsdetten Rochade"]
[BlackTeam "Erkenschwick"]
[WhiteTeamCountry "GER"]
[BlackTeamCountry "GER"]

1. d4 d6 2. c4 g6 3. e4 Bg7 4. Nf3 Nc6 5. Be3 Bg4 6. Be2 e5 7. d5 Nce7 8. Nc3 Bxf3 9. Bxf3 f5 10. exf5 gxf5 11. 0-0 Nf6 12. Re1 0-0 13. Bg5 Kh8 14. Qc2 b6 15. Re3 h6 16. Bh4 Ng6 17. Bg3 e4 18. Bd1 f4 19. Bxf4 Nxf4 20. Nxe4 Qd7 21. Nxf6 Bxf6 22. Qe4 Bxb2 23. Rb1 Be5 24. h3 Qf5 25. Bg4 Qxe4 26. Rxe4 h5 27. Bf3 Nxh3+ 28. Kh1 Nxf2+ 0-1

[Event "NRW Class1 1718"]
[Site "Germany"]
[Date "2018.01.28"]
[Round "5.7"]
[White "Freundlieb, Thomas"]
[Black "Strozewski, Frank"]
[Result "1/2-1/2"]
[WhiteElo "2010"]
[BlackElo "1960"]
[PlyCount "97"]
[EventDate "2017.09.17"]
[EventType "team-tourn"]
[EventRounds "9"]
[EventCountry "GER"]
[SourceTitle "EXT 2019"]
[Source "ChessBase"]
[SourceDate "2018.10.10"]
[SourceVersion "1"]
[SourceVersionDate "2018.10.10"]
[SourceQuality "1"]
[WhiteTeam "Niederkassel"]
[BlackTeam "Erkenschwick"]
[WhiteTeamCountry "GER"]
[BlackTeamCountry "GER"]

1. d4 d6 2. g3 g6 3. Bg2 Bg7 4. Nf3 Nc6 5. d5 Nb4 6. a3 Na6 7. 0-0 Nf6 8. Nc3 0-0 9. e4 Nc5 10. Re1 e5 11. dxe6 Bxe6 12. h3 Rb8 13. Nd4 Bd7 14. Nd5 Nxd5 15. exd5 Qf6 16. Be3 Rbe8 17. c3 Qd8 18. Qc2 Qc8 19. b4 Na4 20. Kh2 Nb6 21. c4 c5 22. dxc6 bxc6 23. Rac1 d5 24. cxd5 cxd5 25. Qd3 Qd8 26. Rc5 Qf6 27. Rec1 Rc8 28. Rxc8 Rxc8 29. Rxc8+ Bxc8 30. Qc2 Be6 31. Qc7 h5 32. Nxe6 Qxe6 33. Qd8+ Kh7 34. Bxb6 Qxb6 35. Qxb6 axb6 36. Bxd5 Bd4 37. Bxf7 Bxf2 38. a4 Be1 39. b5 Kg7 40. Be8 Kf6 41. Kg2 Bb4 42. Kf3 Be1 43. g4 hxg4+ 44. hxg4 g5 45. Ke4 Bc3 46. Kd5 Ba5 47. Bd7 Bb4 48. Bf5 Ba5 49. Bd7 1/2-1/2

[Event "NRW Class1 1718"]
[Site "Germany"]
[Date "2017.11.19"]
[Round "3.8"]
[White "Strozewski, Frank"]
[Black "Schulte, Oliver1"]
[Result "0-1"]
[WhiteElo "1960"]
[BlackElo "2042"]
[PlyCount "76"]
[EventDate "2017.09.17"]
[EventType "team-tourn"]
[EventRounds "9"]
[EventCountry "GER"]
[SourceTitle "EXT 2019"]
[Source "ChessBase"]
[SourceDate "2018.10.10"]
[SourceVersion "1"]
[SourceVersionDate "2018.10.10"]
[SourceQuality "1"]
[WhiteTeam "Erkenschwick"]
[BlackTeam "Lieme"]
[WhiteTeamCountry "GER"]
[BlackTeamCountry "GER"]

1. c4 e5 2. Nc3 Nf6 3. e4 Bc5 4. g3 d6 5. h3 c6 6. Bg2 h5 7. d3 b5 8. cxb5 cxb5 9. Nge2 Qb6 10. Rf1 Bb7 11. Bg5 Nbd7 12. Qd2 Rc8 13. Bf3 a5 14. Rc1 b4 15. Na4 Qb5 16. b3 Ba6 17. Nb2 0-0 18. Nc4 Rfe8 19. Be3 d5 20. exd5 e4 21. dxe4 Nxe4 22. Bxe4 Rxe4 23. Kd1 Ne5 24. Nxe5 Rxe5 25. Re1 Bxe3 26. fxe3 Rd8 27. Nd4 Rexd5 28. Rc2 Qb6 29. Kc1 a4 30. Rd1 axb3 31. axb3 Qa5 32. Ra2 Rc8+ 33. Kb1 Qb6 34. e4 Rdc5 35. Qf4 Rc3 36. Qe5 Bd3+ 37. Ka1 Rc1+ 38. Rxc1 Rxc1+ 0-1

[Event "Bayern-chI Bank Hofmann 21st"]
[Site "Tegernsee"]
[Date "2017.10.31"]
[Round "4"]
[White "Strozewski, Frank"]
[Black "Jumabayev, Rinat"]
[Result "0-1"]
[WhiteElo "2047"]
[BlackElo "2603"]
[PlyCount "96"]
[EventDate "2017.10.28"]
[EventType "swiss"]
[EventRounds "9"]
[EventCountry "GER"]
[SourceTitle "CBM 181 Extra"]
[Source "ChessBase"]
[SourceDate "2017.12.12"]
[SourceVersion "1"]
[SourceVersionDate "2017.12.12"]
[SourceQuality "1"]

1. c4 e5 2. Nc3 Bb4 3. e4 Nc6 4. g3 d6 5. Bg2 f5 6. Nge2 Nf6 7. 0-0 0-0 8. d3 Bc5 9. Nd5 fxe4 10. Bg5 Bg4 11. Bxf6 gxf6 12. dxe4 Nd4 13. Ndc3 f5 14. h3 Bxe2 15. Nxe2 f4 16. Nxd4 Bxd4 17. Kh2 Kh8 18. Qh5 Rf6 19. Bf3 Qg8 20. Bg4 Raf8 21. gxf4 Rxf4 22. f3 Qxc4 23. Rac1 Qf7 24. b3 Qg7 25. Bf5 Rg8 26. Bg4 c6 27. Rc2 Rf6 28. Re1 Rxf3 29. Rg2 Rf6 30. Ree2 Rh6 31. Qf5 Rg6 32. Qh5 Rg5 33. Qh4 Qf6 34. Qe1 Qf4+ 35. Kh1 d5 36. exd5 cxd5 37. Be6 Rxg2 38. Rxg2 Rd8 39. Qe2 e4 40. Qh5 Qc1+ 41. Kh2 Qc7+ 42. Kh1 Qc1+ 43. Kh2 Qf4+ 44. Kh1 Rf8 45. Bxd5 Qc1+ 46. Kh2 Qc7+ 47. Rg3 Rf2+ 48. Kh1 Qc1+ 0-1

[Event "NRW Class1 1516"]
[Site "Germany"]
[Date "2016.02.14"]
[Round "6.8"]
[White "Ortmeier, Leonhard"]
[Black "Strozewski, Frank"]
[Result "1-0"]
[WhiteElo "1741"]
[BlackElo "1957"]
[PlyCount "113"]
[EventDate "2015.09.27"]
[EventType "team-tourn"]
[EventRounds "9"]
[EventCountry "GER"]
[SourceTitle "EXT 2017"]
[Source "ChessBase"]
[SourceDate "2016.10.25"]
[SourceVersion "1"]
[SourceVersionDate "2016.10.25"]
[SourceQuality "1"]
[WhiteTeam "Emsdetten Rochade"]
[BlackTeam "Erkenschwick"]
[WhiteTeamCountry "GER"]
[BlackTeamCountry "GER"]

1. e4 d6 2. d4 g6 3. f4 Bg7 4. Nc3 Nc6 5. Be3 a6 6. Nf3 e6 7. Bd3 Nge7 8. a4 0-0 9. 0-0 b6 10. Qe1 Nb4 11. Rd1 Nxd3 12. Rxd3 a5 13. Rd1 Ba6 14. Rf2 Qd7 15. Rfd2 Rae8 16. Kh1 f5 17. e5 Nd5 18. Nxd5 exd5 19. b3 h6 20. Qg3 Qf7 21. Re1 g5 22. h3 Re6 23. Rf2 Bc8 24. Qh2 g4 25. hxg4 fxg4 26. Nh4 dxe5 27. dxe5 c5 28. Rfe2 Rc6 29. Bc1 Be6 30. Rf1 d4 31. f5 c4 32. Ba3 Rfc8 33. Ref2 Bd5 34. f6 Bf8 35. Bxf8 Qxf8 36. Qf4 Be6 37. f7+ Qxf7 38. Qxf7+ Bxf7 39. Rxf7 cxb3 40. cxb3 d3 41. Rd7 Rc1 42. Kg1 Rxf1+ 43. Kxf1 Re8 44. Rd5 Kf7 45. Kf2 Ke6 46. Rxd3 Rg8 47. Rd6+ Kxe5 48. Rxb6 Ke4 49. Rb5 g3+ 50. Ke2 Rc8 51. Nf3 Rc3 52. Rxa5 Re3+ 53. Kf1 Rc3 54. Re5+ Kf4 55. b4 Rc4 56. Rd5 Ke3 57. Rd3+ 1-0

[Event "NRW Class1 1415"]
[Site "Germany"]
[Date "2015.03.01"]
[Round "7.8"]
[White "Strozewski, Frank"]
[Black "Fuchs, Thomas"]
[Result "1/2-1/2"]
[WhiteElo "1941"]
[BlackElo "1958"]
[PlyCount "43"]
[EventDate "2014.09.14"]
[EventType "team-tourn"]
[EventRounds "9"]
[EventCountry "GER"]
[SourceTitle "EXT 2017"]
[Source "ChessBase"]
[SourceDate "2016.10.25"]
[SourceVersion "1"]
[SourceVersionDate "2016.10.25"]
[SourceQuality "1"]
[WhiteTeam "Erkenschwick"]
[BlackTeam "Elberfeld"]
[WhiteTeamCountry "GER"]
[BlackTeamCountry "GER"]

1. c4 g6 2. Nc3 Bg7 3. d4 Nf6 4. e4 d6 5. Be2 0-0 6. g4 e5 7. d5 Ne8 8. h4 f5 9. gxf5 gxf5 10. Nf3 Nd7 11. Bg5 Ndf6 12. Rg1 Kh8 13. h5 h6 14. Bh4 Qd7 15. Nh2 fxe4 16. Ng4 Qf5 17. Nxf6 Nxf6 18. Rg6 Bd7 19. Qd2 Be8 20. Bxf6 Rxf6 21. Rxf6 Qxf6 22. Nxe4 1/2-1/2

[Event "NRW Class1 1415"]
[Site "Germany"]
[Date "2015.02.08"]
[Round "6.8"]
[White "Atasoy, Tarik"]
[Black "Strozewski, Frank"]
[Result "1/2-1/2"]
[WhiteElo "1758"]
[BlackElo "1941"]
[PlyCount "168"]
[EventDate "2014.09.14"]
[EventType "team-tourn"]
[EventRounds "9"]
[EventCountry "GER"]
[SourceTitle "EXT 2017"]
[Source "ChessBase"]
[SourceDate "2016.10.25"]
[SourceVersion "1"]
[SourceVersionDate "2016.10.25"]
[SourceQuality "1"]
[WhiteTeam "Letmathe"]
[BlackTeam "Erkenschwick"]
[WhiteTeamCountry "GER"]
[BlackTeamCountry "GER"]

1. e4 d6 2. d4 g6 3. Nc3 Bg7 4. Nf3 Bg4 5. Be3 Nc6 6. Qd2 e5 7. dxe5 Bxf3 8. gxf3 Nxe5 9. Be2 Ne7 10. 0-0-0 0-0 11. f4 N5c6 12. h4 a6 13. h5 b5 14. hxg6 fxg6 15. Bg4 h5 16. Be6+ Kh7 17. f5 Ne5 18. fxg6+ Kxg6 19. Rdg1+ Ng4 20. Bxg4 hxg4 21. Rxg4+ Kf7 22. Rxg7+ Kxg7 23. Bh6+ Kf7 24. Qf4+ Ke6 25. Bxf8 Qxf8 26. Qg4+ Kf6 27. Rh3 Qg8 28. Rh6+ Ke5 29. Rh5+ Kf6 30. Qf4+ Ke6 31. Rg5 Qh8 32. Qg4+ Kf7 33. Qf4+ Ke6 34. Nd5 Rg8 35. Qg4+ Kf7 36. Rxg8 Nxg8 37. Qf5+ Kg7 38. Nf4 Qh6 39. Kd1 Nf6 40. Ne6+ Kh8 41. Nxc7 Qh1+ 42. Ke2 Kg7 43. Ne6+ Kf7 44. Ng5+ Kg7 45. Ne6+ Kf7 46. Nf4 Qxe4+ 47. Qxe4 Nxe4 48. Nd5 Nc5 49. Ke3 Ke6 50. Nf4+ Kf5 51. Nd3 Na4 52. Kd4 Ke6 53. Ke4 Nb6 54. Nf4+ Kf7 55. Nd5 Na4 56. b3 Nc5+ 57. Kf5 Ne6 58. c3 a5 59. Ke4 Ng5+ 60. Kd4 Ne6+ 61. Ke3 Ke8 62. Ke4 Nc5+ 63. Ke3 Kd7 64. f4 Kc6 65. Ne7+ Kd7 66. Nf5 a4 67. Nd4 axb3 68. axb3 d5 69. b4 Ne4 70. Nxb5 Kc6 71. Nd4+ Kb6 72. Ne2 Kc6 73. Kd4 Kd6 74. f5 Nd2 75. f6 Nf3+ 76. Ke3 Ne5 77. Kf4 Ke6 78. Kg5 Kf7 79. Nf4 d4 80. cxd4 Nf3+ 81. Kf5 Nxd4+ 82. Ke4 Nb5 83. Nd5 Ke6 84. f7 Kxf7 1/2-1/2

[Event "NRW Class1 1415"]
[Site "Germany"]
[Date "2014.11.16"]
[Round "3.8"]
[White "Strozewski, Frank"]
[Black "Rempel, Eugen"]
[Result "1-0"]
[WhiteElo "1941"]
[BlackElo "2148"]
[PlyCount "119"]
[EventDate "2014.09.14"]
[EventType "team-tourn"]
[EventRounds "9"]
[EventCountry "GER"]
[SourceTitle "EXT 2017"]
[Source "ChessBase"]
[SourceDate "2016.10.25"]
[SourceVersion "1"]
[SourceVersionDate "2016.10.25"]
[SourceQuality "1"]
[WhiteTeam "Erkenschwick"]
[BlackTeam "Dortmund Hansa II"]
[WhiteTeamCountry "GER"]
[BlackTeamCountry "GER"]

1. c4 Nf6 2. Nc3 c6 3. d4 d5 4. cxd5 cxd5 5. Bf4 Nc6 6. e3 Qb6 7. Bd3 Bg4 8. Nge2 Rc8 9. 0-0 e6 10. a3 Be7 11. Na4 Qd8 12. b4 Nh5 13. Bg3 Nxg3 14. hxg3 a5 15. b5 Na7 16. Qb3 0-0 17. Rac1 Qe8 18. Rxc8 Nxc8 19. Rc1 Nd6 20. Nec3 Nc4 21. Bxc4 dxc4 22. Qb2 Bd6 23. f4 Qe7 24. Nb1 Qe8 25. Nac3 Qe7 26. Ne4 Rc8 27. Nxd6 Qxd6 28. Nd2 Qd5 29. a4 e5 30. fxe5 Bf5 31. Qc3 b6 32. Kf2 h6 33. Rh1 Be4 34. Rh4 Bd3 35. e4 Qb7 36. d5 Qe7 37. d6 Qb7 38. Ke3 Kh7 39. Nf3 Bf1 40. Ne1 Qd7 41. Rf4 Bd3 42. Nxd3 cxd3 43. Rxf7 Qg4 44. Qxd3 Qxg3+ 45. Kd4 Qxg2 46. Rc7 Qg1+ 47. Qe3 Qd1+ 48. Kc3 Rf8 49. Kb2 Qxa4 50. Rc3 Qxb5+ 51. Kc2 Rf1 52. Rb3 Qc4+ 53. Kb2 a4 54. Rc3 Qb4+ 55. Ka2 Rb1 56. Qf2 Qxe4 57. Qc2 Qxc2+ 58. Rxc2 Rd1 59. Rc6 Kg6 60. e6 1-0

[Event "Bayern-chI Bank Hofmann 17th"]
[Site "Bad Wiessee"]
[Date "2013.10.26"]
[Round "1"]
[White "Strozewski, Frank"]
[Black "Nyzhnyk, Illya"]
[Result "0-1"]
[WhiteElo "2028"]
[BlackElo "2625"]
[PlyCount "50"]
[EventDate "2013.10.26"]
[EventType "swiss"]
[EventRounds "9"]
[EventCountry "GER"]
[SourceTitle "EXT 2014"]
[Source "ChessBase"]
[SourceDate "2013.11.20"]
[SourceVersion "1"]
[SourceVersionDate "2013.11.20"]
[SourceQuality "1"]

1. c4 Nf6 2. Nc3 e5 3. e4 Bc5 4. d3 d6 5. g3 Nc6 6. Bg2 Bg4 7. f3 Bd7 8. Nge2 a6 9. a3 Ba7 10. Nd5 Nxd5 11. cxd5 Nd4 12. Bd2 c6 13. Nxd4 Bxd4 14. dxc6 bxc6 15. Rb1 Rb8 16. Bc3 Qb6 17. Ke2 0-0 18. Bxd4 Qxd4 19. b4 c5 20. Qd2 Bb5 21. Bh3 d5 22. exd5 f5 23. Rhc1 e4 24. Rb2 exd3+ 25. Kd1 Ba4+ 0-1

[Event "Oberliga NRW 1213"]
[Site "Germany"]
[Date "2012.11.18"]
[Round "3.8"]
[White "Strozewski, Frank"]
[Black "Prueske, Wolfgang"]
[Result "0-1"]
[WhiteElo "1980"]
[BlackElo "2005"]
[PlyCount "56"]
[EventDate "2012.09.16"]
[EventType "team-tourn"]
[EventRounds "9"]
[EventCountry "GER"]
[SourceTitle "EXT 2017"]
[Source "ChessBase"]
[SourceDate "2016.10.25"]
[SourceVersion "1"]
[SourceVersionDate "2016.10.25"]
[SourceQuality "1"]
[WhiteTeam "Erkenschwick"]
[BlackTeam "Dortmund Hansa II"]
[WhiteTeamCountry "GER"]
[BlackTeamCountry "GER"]

1. c4 e5 2. Nc3 Nf6 3. e4 Bb4 4. d3 Bxc3+ 5. bxc3 0-0 6. g3 c6 7. Bg2 d5 8. cxd5 cxd5 9. exd5 Nxd5 10. Ne2 Nc6 11. 0-0 Bg4 12. Bb2 Re8 13. Re1 Qd7 14. Qd2 Rad8 15. Nc1 Nf6 16. Rb1 e4 17. c4 exd3 18. Rxe8+ Nxe8 19. Bd5 Be6 20. Qxd3 Bf5 21. Bxc6 Qxd3 22. Nxd3 bxc6 23. Re1 Bxd3 24. c5 Bc4 25. a3 Kf8 26. Be5 f6 27. Bf4 g5 28. Bc1 Bb3 0-1

[Event "Oberliga NRW 1213"]
[Site "Germany"]
[Date "2012.09.16"]
[Round "1.7"]
[White "Stratmann, Holger"]
[Black "Strozewski, Frank"]
[Result "0-1"]
[WhiteElo "1989"]
[BlackElo "1980"]
[PlyCount "70"]
[EventDate "2012.09.16"]
[EventType "team-tourn"]
[EventRounds "9"]
[EventCountry "GER"]
[SourceTitle "EXT 2017"]
[Source "ChessBase"]
[SourceDate "2016.10.25"]
[SourceVersion "1"]
[SourceVersionDate "2016.10.25"]
[SourceQuality "1"]
[WhiteTeam "Katernberg II"]
[BlackTeam "Erkenschwick"]
[WhiteTeamCountry "GER"]
[BlackTeamCountry "GER"]

1. e4 d6 2. d4 g6 3. Nc3 Bg7 4. Nf3 Bg4 5. Be2 Nc6 6. Be3 e5 7. dxe5 Bxf3 8. Bxf3 Nxe5 9. Be2 Ne7 10. Qd2 0-0 11. Bg5 a6 12. 0-0-0 b5 13. Nd5 f6 14. Bh6 Nxd5 15. Qxd5+ Kh8 16. Bxg7+ Kxg7 17. f4 Nd7 18. Bf3 Rb8 19. h4 Qe7 20. Qd4 Nb6 21. h5 Rfd8 22. hxg6 hxg6 23. g4 Rh8 24. g5 Rbf8 25. Rhg1 Rh4 26. Bg4 Nc4 27. b3 c5 28. Qf2 fxg5 29. bxc4 Rxf4 30. Qe2 Rxe4 31. Qf3 Qe5 32. Rxd6 Qa1+ 33. Kd2 Rd4+ 34. Ke2 Rh2+ 35. Rg2 Qd1+ 0-1

[Event "Oberliga NRW 1112"]
[Site "Germany"]
[Date "2012.04.29"]
[Round "9.8"]
[White "Strozewski, Frank"]
[Black "Savchenko, Daniel"]
[Result "1-0"]
[WhiteElo "1990"]
[BlackElo "1519"]
[PlyCount "91"]
[EventDate "2011.09.18"]
[EventType "team-tourn"]
[EventRounds "9"]
[EventCountry "GER"]
[SourceTitle "EXT 2015"]
[Source "ChessBase"]
[SourceDate "2014.11.20"]
[SourceVersion "1"]
[SourceVersionDate "2014.11.20"]
[SourceQuality "1"]
[WhiteTeam "Erkenschwick"]
[BlackTeam "Gerresheim"]
[WhiteTeamCountry "GER"]
[BlackTeamCountry "GER"]

1. c4 e6 2. d4 d5 3. Bf4 c5 4. Nf3 Nc6 5. e3 cxd4 6. Nxd4 Bb4+ 7. Nc3 Nge7 8. Nxc6 bxc6 9. Be2 0-0 10. 0-0 Bxc3 11. bxc3 Qa5 12. Bd6 Re8 13. Qc2 Ba6 14. Rfd1 Rad8 15. Bb4 Qc7 16. Qa4 Qc8 17. Bc5 Rd7 18. Rd4 Nf5 19. Rf4 Nd6 20. Bxd6 Rxd6 21. c5 Bb5 22. Qc2 Rd7 23. Rb1 Qa6 24. Bxb5 cxb5 25. Rfb4 Rb7 26. a4 Reb8 27. Qe2 Qc6 28. Rxb5 a6 29. Rxb7 Rxb7 30. Rxb7 Qxb7 31. Qa2 Kf8 32. h3 Qc6 33. Qb3 Ke7 34. Qb4 Kd7 35. Kf1 Kc7 36. Ke2 Qb7 37. Qf4+ Kc8 38. Qd6 Qb2+ 39. Kf3 Qxc3 40. Qxa6+ Kd8 41. Qd6+ Ke8 42. c6 Qf6+ 43. Kg3 Qd8 44. Qc5 Qe7 45. Qb6 Qd6+ 46. f4 1-0

[Event "Oberliga NRW 1112"]
[Site "Germany"]
[Date "2012.03.04"]
[Round "7.8"]
[White "Strozewski, Frank"]
[Black "Van der Weide, Karel"]
[Result "0-1"]
[WhiteElo "1990"]
[BlackElo "2423"]
[PlyCount "136"]
[EventDate "2011.09.18"]
[EventType "team-tourn"]
[EventRounds "9"]
[EventCountry "GER"]
[SourceTitle "EXT 2015"]
[Source "ChessBase"]
[SourceDate "2014.11.20"]
[SourceVersion "1"]
[SourceVersionDate "2014.11.20"]
[SourceQuality "1"]
[WhiteTeam "Erkenschwick"]
[BlackTeam "Muenster SK"]
[WhiteTeamCountry "GER"]
[BlackTeamCountry "GER"]

1. c4 e5 2. Nc3 d6 3. d3 g6 4. e4 Bg7 5. g3 c6 6. Bg2 Nf6 7. Nge2 0-0 8. 0-0 a6 9. h3 b5 10. Be3 Bb7 11. Qd2 Nbd7 12. Rae1 Qe7 13. f4 exf4 14. Nxf4 Ne5 15. b3 b4 16. Na4 c5 17. Nb6 Rab8 18. Nbd5 Bxd5 19. Nxd5 Nxd5 20. exd5 Qa7 21. Kh1 Rb7 22. Re2 a5 23. d4 cxd4 24. Qxd4 Qxd4 25. Bxd4 Nd3 26. Bg1 Rc8 27. Rd1 Nc5 28. Bxc5 Rxc5 29. Re8+ Bf8 30. Rde1 Kg7 31. h4 h5 32. Bh3 Rcc7 33. Ra8 Ra7 34. Ree8 Be7 35. Kg2 f5 36. Kf3 Bf6 37. Bf1 Bd4 38. Rg8+ Kf6 39. Rgf8+ Rf7 40. Rfc8 Rxa8 41. Rxa8 Ra7 42. Rf8+ Ke7 43. Rb8 Kf7 44. Rb5 Bc5 45. Be2 a4 46. Bd1 a3 47. Ke2 Re7+ 48. Kd2 Re4 49. Bf3 Rd4+ 50. Ke2 f4 51. g4 hxg4 52. Bxg4 f3+ 53. Bxf3 Rxh4 54. Bg2 Rg4 55. Kf3 Rg5 56. Rb7+ Kf6 57. Rb8 Re5 58. Bf1 Re1 59. Kg4 Ra1 60. Bh3 Rxa2 61. Re8 Rh2 62. Kg3 Rb2 63. Kf4 Rxb3 64. Be6 a2 65. Rf8+ Kg7 66. Rg8+ Kh7 67. Kg5 a1Q 68. Rxg6 Rg3+ 0-1